000 00591nam a2200181Ia 4500
003 GCL
008 140319s9999 xx 000 0 ara d
040 _aGCL /
_cGCL
082 0 4 _a813.03
_bط ع
100 1 _aالطاهر وطاهر
245 1 0 _aالعشق والموت فى الزمن الحواشى اللاز : الكتاب الثانى /
_cالطاهر وطاهر
260 _a[S.N] :
_bدار ابن رشد للطباعة والنشر ،
_c1983
300 _a219 ص
490 _a
650 0 4 _aالادب العربى
650 0 4 _aالقصة العربية
942 _2ddc
_cBK
999 _c36260
_d36260